000 01692nam0a2200325 4500
001 RU\NLR\bibl\1710731
005 20260406154227.0
010 _a978-5-8465-9876-8
_9500
_b41
035 _a(NLR Aleph) 001701761
090 _a1224862
_c1224862
100 _a20101208d2010 |||y0rusy50 ca
101 0 _arus
102 _aRU
105 _ay |||||||||
200 1 _aПовесть Виктора Пелевина "Желтая стрела"
_fТатьяна Щучкина
_gС.-Петерб. гос. ун-т, Филол. фак.
210 _aСанкт-Петербург
_cФилологический факультет Санкт-Петербургского государственного университета
_d2010
215 _a48 с.
_d21
225 1 _aЛитературные направления и течения
_vвып. 41
300 _aВ аннот. авт.: Т. Щукина
320 _aБиблиогр. в подстроч. примеч.
500 1 0 _6z01702
_aЖелтая стрела
604 _1700#1$aПелевин$bВ. О.$gВиктор Олегович$f1962
_150010$a"Желтая стрела"$2nlr_sh2$3RU\NLR\AUTH\661545942
_3RU\NLR\AUTH\661545942
_aПелевин, Виктор Олегович (1962)
_t"Желтая стрела"
_92609384
686 _aШ5(2=Р)7-4Пелевин
700 1 _4070
_7ca
_8rus
_aЩучкина
_bТ. В.
_gТатьяна Владимировна
_977854
_3RU\NLR\auth\7794928
702 1 _4070
_7ca
_8rus
_aПелевин
_bВ. О.
_f1962-
_gВиктор Олегович
_9116818
_3RU\NLR\auth\776871
801 0 _aRU
_bNLR
_c20101208
_gRCR
801 1 _aRU
_bNLR
_c20101208
942 _cBOOK
980 _aNB